New lenders provide ray of hope for property finance (Record no. 83843)
[ view plain ]
| 000 -LEADER | |
|---|---|
| fixed length control field | 00950cab a22001935a 4500 |
| 001 - CONTROL NUMBER | |
| control field | L155261 |
| 008 - FIXED-LENGTH DATA ELEMENTS--GENERAL INFORMATION | |
| fixed length control field | 120313e2012 xxk 000 0 eng d |
| 035 ## - SYSTEM CONTROL NUMBER | |
| System control number | (Sirsi) u155261 |
| 041 0# - LANGUAGE CODE | |
| Language code of text/sound track or separate title | eng |
| 100 1# - MAIN ENTRY--PERSONAL NAME | |
| Personal name | Phillips, Mike |
| 245 00 - TITLE STATEMENT | |
| Title | New lenders provide ray of hope for property finance |
| 260 ## - PUBLICATION, DISTRIBUTION, ETC. | |
| Date of publication, distribution, etc. | 2012 |
| 490 #0 - SERIES STATEMENT | |
| Series statement | Property Week |
| Volume/sequential designation | 78(10) 9 March 2012, 22(1) |
| 520 ## - SUMMARY, ETC. | |
| Summary, etc. | The Property Banking Forum is predicting in its "Lending Intentions Survey 2012", based on returns from 34 institutions, £33bn property lending in 2012, a significant increase on new lending for 2011. The survey highlights the changing profile of UK lenders: insurance companies will account for 20% of property lending, up from 11% in 2011. Refers to the De Montfort survey for the first half of 2011 and Savill's recent revision of its active UK lenders' list. |
| 590 ## - LOCAL NOTE (RLIN) | |
| Local note | KA |
| 651 #4 - SUBJECT ADDED ENTRY--GEOGRAPHIC NAME | |
| Geographic name | United Kingdom |
| 690 ## - LOCAL SUBJECT ADDED ENTRY--TOPICAL TERM (OCLC, RLIN) | |
| Topical term or geographic name as entry element | Commercial property |
| 9 (RLIN) | 6227 |
| 942 ## - ADDED ENTRY ELEMENTS (KOHA) | |
| Suppress in OPAC | 0 |
| Withdrawn status | Lost status | Source of classification or shelving scheme | Damaged status | Not for loan | Home library | Current library | Shelving location | Date acquired | Total Checkouts | Full call number | Barcode | Date last seen | Copy number | Price effective from | Koha item type |
|---|---|---|---|---|---|---|---|---|---|---|---|---|---|---|---|
| Dewey Decimal Classification | London | London | Journal article | 13/03/2012 | L155261 | 155261-1001 | 06/08/2019 | 1 | 06/08/2019 | Journal article |